La humanidad prehistórica / (Record no. 115016)

MARC details
000 -LEADER
campo de control de longitud fija 00881nam a2200229 i 4500
001 - NÚMERO DE CONTROL
campo de control 115016
003 - IDENTIFICADOR DE NÚMERO DE CONTROL
campo de control ES-MaACL
005 - FECHA Y HORA DE LA ÚLTIMA TRANSACCIÓN
campo de control 20250630225032.0
007 - CAMPO FIJO DE DESCRIPCIÓN FÍSICA--INFORMACIÓN GENERAL
campo de control de longitud fija t|
008 - DATOS DE LONGITUD FIJA--INFORMACIÓN GENERAL
campo de control de longitud fija 070219s1947 sp ||||1| spa d
100 1# - ENTRADA PRINCIPAL--NOMBRE DE PERSONA
Nombre de persona Morgan, Jacques de.
9 (RLIN) 83521
245 13 - MENCIÓN DEL TÍTULO
Título La humanidad prehistórica /
Mención de responsabilidad, etc. Jacques de Morgan ; traducción de la segunda edición francesa, anotada y puesta al día por Luis Pericot García y Julián San Valero Aparisi.
260 ## - PUBLICACIÓN, DISTRIBUCIÓN, ETC.
Lugar de publicación, distribución, etc. Barcelona :
Nombre del editor, distribuidor, etc. Cervantes,
Fecha de publicación, distribución, etc. 1947.
300 ## - DESCRIPCIÓN FÍSICA
Extensión XXXVII, 421 p. :
Otras características físicas il. ;
Dimensiones 21 cm.
490 1# - MENCIÓN DE SERIE
Mención de serie La evolución de la humanidad ;
Designación de volumen o secuencia 2
500 ## - NOTA GENERAL
Nota general con 1300 figuras, mapas y láminas en el texto.
700 1# - ENTRADA AGREGADA--NOMBRE PERSONAL
Nombre de persona Pericot, Luis,
Fechas asociadas al nombre 1899-1978
9 (RLIN) 91262
700 1# - ENTRADA AGREGADA--NOMBRE PERSONAL
Nombre de persona San Valero Aparisi, Julián.
9 (RLIN) 102311
830 0# - PUNTO DE ACCESO ADICIONAL DE SERIE-TÍTULO UNIFORME
Título uniforme La evolución de la humanidad ;
Designación de volumen o secuencia 2
9 (RLIN) 185926
852 ## - LOCALIZACIÓN
Ubicación ES-MaACL
Número de control de estantería C-29078
Holdings
Estatus retirado Estado de pérdida Estado de daño No para préstamo Biblioteca de origen Biblioteca actual Ubicación en estantería Fecha de adquisición Fuente de adquisición Total de préstamos Signatura topográfica completa Código de barras Visto por última vez Precio de reemplazo Tipo de ítem Koha
        Biblioteca del Ateneo de Madrid Biblioteca del Ateneo de Madrid Depósito 2 17/01/2008     C-29078 1119937 23/02/2023 23/02/2023 Libro impreso